StGB-Vergleich: alte und neue Fassung in synoptischer Gegenüberstellung; mit Auszug aus dem Einführungsgesetz zum StGB und aus dem Ordnungswidrigkeitengesetz ; Textausgabe mit ausführlichem Sachregister
| Format: | Print Book |
|---|---|
| Language: | German |
| Published: |
München
Dt. Taschenbuch Verl.
1974
|
| In: | Year: 1974 |
| Edition: | Sonderausg.; Stand 1. Sept. 1974 |
| Availability in Tübingen: | Present in Tübingen. IFK: F I 116 |
| Availability in Albert-Krebs Library: | LA.50.006 1997-682 |
| Check availability: | HBZ Gateway |
| Subito Delivery Service: | Order now. |
| Keywords: |
MARC
| LEADER | 00000cam a2200000 c 4500 | ||
|---|---|---|---|
| 001 | 039606104 | ||
| 003 | DE-627 | ||
| 005 | 20241216024628.0 | ||
| 007 | tu | ||
| 008 | 950802s1974 gw ||||| 00| ||ger c | ||
| 020 | |a 3423050381 |9 3-423-05038-1 | ||
| 035 | |a (DE-627)039606104 | ||
| 035 | |a (DE-576)004465067 | ||
| 035 | |a (DE-599)GBV039606104 | ||
| 035 | |a (OCoLC)74220167 | ||
| 035 | |a (OCoLC)74220167 | ||
| 035 | |a (OCoLC)1050469427 | ||
| 035 | |a (DE-604)8092113818 | ||
| 040 | |a DE-627 |b ger |c DE-627 |e rakwb | ||
| 041 | |a ger | ||
| 044 | |c XA-DE | ||
| 084 | |a 04a |2 sdnb | ||
| 084 | |a 1 |2 ssgn | ||
| 084 | |a PH 2550 |2 rvk |0 (DE-625)rvk/136003: | ||
| 245 | 0 | 0 | |a StGB-Vergleich |b alte und neue Fassung in synoptischer Gegenüberstellung; mit Auszug aus dem Einführungsgesetz zum StGB und aus dem Ordnungswidrigkeitengesetz ; Textausgabe mit ausführlichem Sachregister |
| 246 | 3 | 3 | |a Strafgesetzbuch für das Deutsche Reich |
| 246 | 3 | 3 | |a Strafgesetzbuch |
| 246 | 3 | 3 | |a Ordnungswidrigkeitengesetz |
| 246 | 3 | 3 | |a Strafgesetzbuchvergleich |
| 250 | |a Sonderausg.; Stand 1. Sept. 1974 | ||
| 264 | 1 | |a München |b Dt. Taschenbuch Verl. |c 1974 | |
| 300 | |a VI, 392 S. | ||
| 336 | |a Text |b txt |2 rdacontent | ||
| 337 | |a ohne Hilfsmittel zu benutzen |b n |2 rdamedia | ||
| 338 | |a Band |b nc |2 rdacarrier | ||
| 490 | 0 | |a Dtv |v 5038 |a Beck-Texte | |
| 490 | 0 | |a Beck-Texte | |
| 500 | |a Enth. ausserdem: Strafgesetzbuch | ||
| 650 | 4 | |a Strafrecht |7 (dpeaa)DE-2619 | |
| 689 | 0 | 0 | |d u |0 (DE-588)4116631-0 |0 (DE-627)105805327 |0 (DE-576)209503173 |a Deutschland |t Strafgesetzbuch |2 gnd |
| 689 | 0 | |5 (DE-627) | |
| 889 | |w (DE-627)1739970896 | ||
| 935 | |a mteo |a mkri | ||
| 935 | |i Blocktest | ||
| 936 | r | v | |a PH 2550 |b Gesetzestexte, Kommentare |k Rechtswissenschaft |k Strafrecht, Strafverfahrensrecht, Kriminologie |k Strafrecht |k Allgemeines |k Gesetzestexte, Kommentare |0 (DE-627)1271948176 |0 (DE-625)rvk/136003: |0 (DE-576)201948176 |
| 951 | |a BO | ||
| ELC | |b 1 | ||
| LOK | |0 000 xxxxxcx a22 zn 4500 | ||
| LOK | |0 001 3091320340 | ||
| LOK | |0 003 DE-627 | ||
| LOK | |0 004 039606104 | ||
| LOK | |0 005 20100408121526 | ||
| LOK | |0 008 001013||||||||||||||||ger||||||| | ||
| LOK | |0 040 |a DE-21-35 |c DE-627 |d DE-21-35 | ||
| LOK | |0 541 |e 1974/49630 | ||
| LOK | |0 852 |z Stand 1. September 1974 | ||
| LOK | |0 852 |a DE-21-35 | ||
| LOK | |0 852 1 |c Mm 1.020 |m p |9 00 | ||
| LOK | |0 938 |k p | ||
| LOK | |0 939 |a 13-10-00 |b l01 | ||
| LOK | |0 000 xxxxxcx a22 zn 4500 | ||
| LOK | |0 001 3091320359 | ||
| LOK | |0 003 DE-627 | ||
| LOK | |0 004 039606104 | ||
| LOK | |0 005 20100508051251 | ||
| LOK | |0 008 970218||||||||||||||||ger||||||| | ||
| LOK | |0 040 |a DE-21-24 |c DE-627 |d DE-21-24 | ||
| LOK | |0 541 |e 74/2041 | ||
| LOK | |0 689 |a s |a Strafrecht (Reform) | ||
| LOK | |0 852 |a DE-21-24 | ||
| LOK | |0 852 1 |c J,IIc,53 |m p |9 00 | ||
| LOK | |0 935 |a ALEH | ||
| LOK | |0 936ln |a J,IIc, | ||
| LOK | |0 938 |k p | ||
| LOK | |0 939 |a 18-02-97 |b l01 | ||
| LOK | |0 000 xxxxxcx a22 zn 4500 | ||
| LOK | |0 001 3091320383 | ||
| LOK | |0 003 DE-627 | ||
| LOK | |0 004 039606104 | ||
| LOK | |0 005 20151116135337 | ||
| LOK | |0 008 150728||||||||||||||||ger||||||| | ||
| LOK | |0 035 |a (DE-21-110)kd30977 | ||
| LOK | |0 040 |a DE-21-110 |c DE-627 |d DE-21-110 | ||
| LOK | |0 852 |a DE-21-110 | ||
| LOK | |0 852 1 |c F I 116 |m p |9 00 | ||
| LOK | |0 935 |a k110 | ||
| LOK | |0 938 |k p | ||
| LOK | |0 939 |a 28-07-15 |b l01 | ||
| LOK | |0 000 xxxxxcx a22 zn 4500 | ||
| LOK | |0 001 3091321746 | ||
| LOK | |0 003 DE-627 | ||
| LOK | |0 004 039606104 | ||
| LOK | |0 005 19950919000000 | ||
| LOK | |0 008 950919||||||||||||||||ger||||||| | ||
| LOK | |0 040 |a DE-Frei85 |c DE-627 |d DE-Frei85 | ||
| LOK | |0 852 |a DE-Frei85 | ||
| LOK | |0 852 1 |m p |9 00 | ||
| LOK | |0 938 |k p | ||
| LOK | |0 939 |a 19-09-95 |b l01 | ||
| LOK | |0 000 xxxxxcx a22 zn 4500 | ||
| LOK | |0 001 4196265715 | ||
| LOK | |0 003 DE-627 | ||
| LOK | |0 004 039606104 | ||
| LOK | |0 005 20221011150706 | ||
| LOK | |0 008 221011||||||||||||||||ger||||||| | ||
| LOK | |0 035 |a (DE-2619)k01819 | ||
| LOK | |0 040 |a DE-2619 |c DE-627 |d DE-2619 | ||
| LOK | |0 092 |o n | ||
| LOK | |0 541 |e Bestand Albert-Krebs-Bibliothek: 1997-682 | ||
| LOK | |0 852 |a DE-2619 | ||
| LOK | |0 852 1 |c LA.50.006 |m p |9 00 | ||
| LOK | |0 935 |a kreb | ||
| LOK | |0 938 |k p | ||
| LOK | |0 939 |a 11-10-22 |b l01 | ||
| ORI | |a SA-MARC-krimdoka001.raw | ||
| SIG | |a IFK: F I 116 | ||
